| 000 | 00760cam a2200253 4500500 | ||
|---|---|---|---|
| 005 | 20260405003606.0 | ||
| 041 | _afre | ||
| 042 | _adc | ||
| 100 | 1 | 0 |
_aLegros, Martin _eauthor |
| 245 | 0 | 0 | _aBenoît Pelopidas : “Il est possible qu’une victoire ukrainienne accroisse le risque nucléaire” |
| 260 | _c2022. | ||
| 500 | _a56 | ||
| 690 | _aArme | ||
| 690 | _aAtomique | ||
| 690 | _aBombe nucléaire | ||
| 690 | _aGuerre | ||
| 690 | _aNucléaire | ||
| 690 | _aPoutine | ||
| 690 | _aRussie | ||
| 690 | _astratégie | ||
| 690 | _aUkraine | ||
| 786 | 0 | _nPhilosophie magazine | 164 | 11 | 2022-11-01 | p. 13-13 | 1951-1787 | |
| 856 | 4 | 1 | _uhttps://shs.cairn.info/magazine-philosophie-magazine-2022-11-page-13?lang=fr&redirect-ssocas=7080 |
| 999 |
_c2069055 _d2069055 |
||